Lập trình viên : Phù thủy thế giới mạng = So, you want to be a coder?

Giới thiệu sơ lược về nghề lập trình, tìm hiểu các ngôn ngữ lập trình, viết mã, lập trình viên hệ thống và ứng dụng, video game và hoạt hình, người lập trình trang web, trí tuệ nhân tạo và rô-bốt, lập trình an ninh mạng......

תיאור מלא

שמור ב:
מידע ביבליוגרפי
מחבר ראשי: Bedell, J. M.
פורמט: ספר
שפה:Undetermined
יצא לאור: Hà Nội Thế giới 2019
נושאים:
תגים: הוספת תג
אין תגיות, היה/י הראשונ/ה לתייג את הרשומה!
Thư viện lưu trữ: Trung tâm Học liệu Trường Đại học Cần Thơ
LEADER 01068nam a2200229Ia 4500
001 CTU_232321
008 210402s9999 xx 000 0 und d
020 |c 96000 
082 |a 005.1 
082 |b B411 
100 |a Bedell, J. M. 
245 0 |a Lập trình viên : 
245 0 |b Phù thủy thế giới mạng = So, you want to be a coder? 
245 0 |c Jane (J. M.) Bedell ; Thanh Yên (dịch) 
260 |a Hà Nội 
260 |b Thế giới 
260 |c 2019 
520 |a Giới thiệu sơ lược về nghề lập trình, tìm hiểu các ngôn ngữ lập trình, viết mã, lập trình viên hệ thống và ứng dụng, video game và hoạt hình, người lập trình trang web, trí tuệ nhân tạo và rô-bốt, lập trình an ninh mạng... 
650 |a Lập trình máy tính,Computer programming 
650 |x Hướng dẫn dạy nghề,Vocational guidance 
910 |b nthai 
980 |a Trung tâm Học liệu Trường Đại học Cần Thơ